| 000 | 00595nam a2200229Ia 4500 | ||
|---|---|---|---|
| 003 | 0100 | ||
| 008 | 130227s9999 xx 000 0 und d | ||
| 020 | _a0854730540 | ||
| 040 | _cARRUPELIB | ||
| 050 | _aLB1570.H669 | ||
| 100 | _aHirst, Paul et al. | ||
| 245 | 4 | _aThe Curriculum | |
| 245 | _bThe Doris Lee lectures | ||
| 260 | _aLondon | ||
| 260 | _bUniversity of London | ||
| 260 | _C1975 | ||
| 300 | _a82p | ||
| 300 | _b 21cm | ||
| 440 | _aStudies in education (new series) n.2 | ||
| 650 | _bGadamer, Hans - Georg, 1900-2002 Philosophers - Germany - Biography | ||
| 942 |
_2lcc _03 |
||
| 999 |
_c3480 _d3480 |
||